Responses for show #8050 - Friday, September 13, 2019

Jason Zuffranieri game 11.

Contestants

[<< previous game]

Tabitha Walker, a gallery assistant from New York, New York

Jack Gutshall, a college student from Hoover, Alabama

Jason Zuffranieri, a math teacher from Albuquerque, New Mexico (whose 10-day cash winnings total $273,843)

[next game >>]

Jeopardy! Round responses

FANTASY ISLAND
MOTTOES
LIVE ENTERTAINMENT
OFFICIAL LANGUAGES
HUNTING & FISHING
ANTONYMS
    $200 27
Never-Never Land

Jason
    $200 28
"Semper Fidelis"

Jack
    $200 26
Cirque du Soleil

Jason
    $200 29
Spanish

Tabitha
    $200 25
flush

Jason
    $200 30
fail

Jason
    $400 19
Gulliver

Jack
    $400 21
"Be Prepared"

Jack
    $400 20
roller derby

Jason
    $400 23
Arabic

Tabitha
    $400 22
tanning

Jack
    $400 24
strong & weak

Jason
    $600 18
Thomas

Tabitha
    $600 17
"The Buck Stops Here"

Jason
    $600 16
Austin City Limits

Jason
    $600 9
French

Jason
    $600 15
bass

Jason
    $600 14
make up

Jason
    $800 2
Atlantis

Jason
    $800 4
Daughters of the American Revolution

Jason
    $800 7
The Jeffersons & All in the Family

Jason
    $800 8
Turkish & Greek

Tabitha
    $800 11
trolling

Tabitha
    $800 13
negligence

Tabitha
    $1000 1
(Tabitha: What is Albion?)

Avalon

JasonTabitha
    $1,800 3
"All the News That's Fit to Print"

Jason
    $1000 6
(Tabitha: The United Citizens Brigade? What is the United Citizens Brigade?)
(Jack: What is the United Citizens Brigade?)

Upright Citizens Brigade

JasonJackTabitha
    $1000 5
Malay

Jason
    $1000 10
archery

Tabitha
    $1000 12
pachydermous

Jason

Scores at the first commercial break (after clue 15):

Jason Jack Tabitha
$10,000 -$1,000 $1,400

Scores at the end of the Jeopardy! Round:

Jason Jack Tabitha
$12,800 $400 $2,600

Double Jeopardy! Round responses

SAGE AGAINST THE MACHINE
CROSSWORD CLUES "O"
SURNAMES
INTERNATIONAL LITERATURE
THEIR ENTIRE OSCAR SPEECH
GET HIM TO THE ANCIENT GREEK
    $400 30
cars (automobiles)

Jason
    $400 27
octagenarian

Jason
    $400 29
Carver

Jack
    $400 26
(Jason: What is [*] Patient?)

The English

Jason
    $400 22
Hitchcock

Jason
    $400 28
Hippocrates

Jack
    $800 25
(Alex: Yes, less than a minute.)

Marx

Jason
    $800 10
oscillate

Jack
    $800 24
Atwood

Jack
    $800 21
Aboriginal

Jason
    $800 14
High Noon

Jason
    $800 23
geometry

Jason
    $1200 9
aging them

Jack
    $1200 4
opus

Tabitha
    $1200 15
(Tabitha: What is a farm?)

church

JasonTabitha
    $1200 6
(Tabitha: What is Russian?)

Armenian

Tabitha
Triple Stumper
    $1200 13
Borgnine

Jason
    $1200 20
Socrates

Triple Stumper
    $1600 17
(Kurt) Vonnegut

Jason
    $1600 3
olla

Jason
    $6,000 8
Nguyen

Jason
    $1600 1
(William Butler) Yeats

Jason
    $1600 12
(Billy) Wilder

Jason
    $1600 19
Prometheus

Jack
    $8,000 16
Luddites

Jason
    $2000 2
odium

Triple Stumper
    $2000 7
(Jason: What is... Hungary?)

Croatia

Jason
Triple Stumper
    $2000 5
(Joseph) Conrad

Jason
    $2000 11
Stalag 17

Jason
    $2000 18
Leonidas

Jason

Scores at the end of the Double Jeopardy! Round:

Jason Jack Tabitha
$44,400 $5,600 $1,400
(lock game)

[wagering suggestions for these scores]

Final Jeopardy! Round responses

PRESIDENTIAL CANDIDATES
TabithaWhat is 2016?
$1,399
JackWhat is 1996
$2,000
JasonWhat is 2016?
$14,000
2016

Final scores:

Jason Jack Tabitha
$58,400 $3,600 $2,799
11-day champion: $332,243 2nd place: $2,000 3rd place: $1,000

Game dynamics:

Coryat scores:

Jason Jack Tabitha
$33,200 $5,600 $1,400
38 R
(including 3 DDs),
1 W
10 R,
1 W
8 R,
4 W

Combined Coryat: $40,200

The J! Archive is created by fans, for fans. The Jeopardy! game show and all elements thereof, including but not limited to copyright and trademark thereto, are the property of Jeopardy Productions, Inc. and are protected under law. This website is not affiliated with, sponsored by, or operated by Jeopardy Productions, Inc. Join the discussion at JBoard.tv.